000
00194 a2200097 4500
001
3215
100
_a
Azad, A.K
245
_a
India wins freedon
260
_a
_b
Longman
_c
090
_c
2495
_d
2495
942
_a
NUST-CAE
_c
M
_c
16613
999
_c
238288
_d
238288